02554nam a2200361 i 450000500170000000700030001700800410002002000180006102000150007904000350009404100080012908400120013710000410014924500610019025000220025126400360027330000570030933600270036633700330039333800280042650400410045450503150049552010230081052100360183365000580186965000470192765000590197465000410203365000290207465000270210365000270213065000350215720220317001732.0ta200428s2014 ck a gr 000 0 spa d a9789581403691 a9581403698 aCO-BoRNBPbspacCO-BoRNBPerda0 aspa aLM OCA11 aOcampo López, Javierd1939-eautor10aMitos y leyendas latinoamericanascJavier Ocampo López aPrimera edición 1aBogotábPlaza & Janésc2014 a201 páginasbilustraciones a blanco y negroc24 cm atextobtxt2rdacontent asin mediaciónbn2rdamedia avolumenbnc2rdacarrier aIncluye referencias bibliográficas1 aMitos de los orígenes -- Mitos de la madre tierra -- Mitos de las tierras y las ciudades perdidas -- Los árboles sagrados y la fuente de la eterna juventud -- Leyendas de tesoros legendarios -- Los Caciques de la resistencia -- Las leyendas femeninas -- Algunos mitos populares latinoamericanos -- Lecturas a"Desde los orígenes de la literatura en las altas culturas y civilizaciones, y en todos los pueblos del mundo que buscan la explicación de los fenómenos naturales, humanos e históricos, y que hacen vivencia de hechos trascendentales que se transforman en legendarios y sobrenaturales, existen los mitos y leyendas populares, que son parte muy profunda del patrimonio histórico y cultural de la humanidad. Los orígenes de los pueblos, las aldeas, y las ciudades, de hombres y mujeres que se convierten en personajes legendarios; los misterios de las selvas, las montañas, las colinas, las cuevas, los ríos, las quebradas, las lagunas, los mares y otros lugares de la tierra, llenos de secretos, enigmas y fantasías. Los múltiples fenómenos naturales como inundaciones, borrascas, ciclones, vientos, sequías, terremotos, maremotos y demás hechos naturales que surgen de los equinoccios y solsticios, son motivo de explicaciones populares a través de los mitos, leyendas y relatos populares. " aRecomendado desde los 12 años17aLeyendas indígenas latinoamericanasySiglo XX2LEMB17aLiteratura latinoamericanaySiglo XX2LEMB17aMitología indígena latinoamericanaySiglo XX2LEMB17aCulturas indígenasvLeyendas2LEMB17aAnimalesvLeyendas2LEMB17aDiosesvLeyendas2LEMB17aAstrosvLeyendas2LEMB17aMedio ambientevLeyendas2LEMB